[Event "Bled Olympiad"]
[Site "Bled SLO"]
[Date "2002.10.29"]
[EventDate "2002.10.26"]
[Round "4"]
[Result "1/2-1/2"]
[White "Petronio Roca"]
[Black "Marc Dutreeuw"]
[WhiteElo "2423"]
[BlackElo "2327"]
[PlyCount "112"]

1. Nf3 d5 2. d4 Nf6 3. c4 e6 4. Nc3 Be7 5. Bg5 O-O 6. e3 h6
7. Bh4 b6 8. cxd5 Nxd5 9. Bxe7 Qxe7 10. Nxd5 exd5 11. Rc1 Be6
12. Qa4 Rc8 13. b4 c6 14. b5 cxb5 15. Rxc8+ Bxc8 16. Bxb5 Bb7
17. O-O a6 18. Bd3 Nc6 19. Qb3 b5 20. Bb1 Qd6 21. Ne1 Na5
22. Qc2 g6 23. Nd3 Bc8 24. Qc3 Nc4 25. Nc5 Ra7 26. Bd3 Nb6
27. e4 Rc7 28. e5 Qe7 29. Qd2 Kg7 30. f4 f5 31. h3 Nd7 32. Nb3
Nf8 33. Rc1 Ne6 34. g3 Rxc1+ 35. Qxc1 Qc7 36. Qxc7+ Nxc7
37. Kf2 Kf7 38. Ke3 Ke7 39. a3 Kd7 40. g4 Kc6 41. gxf5 Bxf5
42. Bxf5 gxf5 43. Nc5 a5 44. Kd3 Kb6 45. Ke3 Kc6 46. Kf3 Kb6
47. Kg3 b4 48. a4 Ne6 49. Nb3 Ka6 50. Kf3 Kb6 51. Ke3 Ka6
52. Nc1 Kb6 53. Ne2 Kc6 54. h4 Kd7 55. Nc1 Kc6 56. Nb3 Kb6
1/2-1/2

[Event "Bled Olympiad"]
[Site "Bled SLO"]
[Date "2002.10.29"]
[EventDate "2002.10.26"]
[Round "4"]
[Result "1/2-1/2"]
[White "Artek Ovezov"]
[Black "Boris Avrukh"]
[WhiteElo "2353"]
[BlackElo "2595"]
[PlyCount "77"]

1. d4 Nf6 2. Nf3 g6 3. g3 Bg7 4. Bg2 O-O 5. O-O d6 6. Nbd2 Nc6
7. c3 e5 8. dxe5 dxe5 9. Qc2 Qe7 10. e4 b6 11. Re1 Bb7 12. Nc4
h6 13. b3 Qe6 14. Ba3 Rfe8 15. Rad1 a5 16. Ne3 Ne7 17. Nd2 h5
18. h3 Bh6 19. Bb2 c6 20. Ndc4 Nc8 21. Ba3 Bf8 22. Bxf8 Kxf8
23. Qc1 b5 24. Nd2 Nd6 25. c4 Ba6 26. cxb5 cxb5 27. Nd5 Nxd5
28. exd5 Qe7 29. Nf3 Qf6 30. Qb2 Kg7 31. Nxe5 b4 32. h4 Rac8
33. Re3 Nf5 34. Re4 Nd6 35. Re3 Nf5 36. Re4 Nd6 37. Re3 Nf5
38. Re4 Nd6 39. Rf4 1/2-1/2

[Event "Bled Olympiad"]
[Site "Bled SLO"]
[Date "2002.10.29"]
[EventDate "2002.10.26"]
[Round "4"]
[Result "1-0"]
[White "Alexander Huzman"]
[Black "Handszar Odeev"]
[WhiteElo "2595"]
[BlackElo "2461"]
[PlyCount "145"]

1. Nf3 Nf6 2. c4 g6 3. Nc3 d5 4. cxd5 Nxd5 5. Qa4+ Bd7 6. Qb3
Nb6 7. d4 Bg7 8. Bg5 O-O 9. Rd1 a5 10. e3 Nc6 11. a3 a4
12. Qc2 Ra5 13. Be2 Be6 14. Qb1 Bb3 15. Rc1 Qc8 16. O-O e5
17. dxe5 Nxe5 18. Nxe5 Bxe5 19. Be7 Re8 20. Bb4 Ra8 21. Ne4
Nd5 22. Nd6 Bxd6 23. Bxd6 Qd7 24. Bg3 f5 25. Bd1 Bxd1
26. Rfxd1 c6 27. Rd4 Re6 28. Qd3 b5 29. f3 Qe8 30. e4 fxe4
31. Rxe4 Qf7 32. Rxe6 Qxe6 33. Re1 Qd7 34. Qe4 Rf8 35. h3 Qf5
36. Qd4 Qd7 37. Be5 Re8 38. Re4 Qf7 39. Bd6 Qd7 40. Bc5 Qf7
41. Re5 Rxe5 42. Qxe5 Qf6 43. Qb8+ Kg7 44. Bd6 Qf7 45. Qc8 Ne3
46. Be5+ Kh6 47. Qxc6 Qc4 48. Qxc4 Nxc4 49. Bc3 Kg5 50. Kf2
Kf5 51. g3 Ke6 52. Ke2 Kd5 53. Kd3 Nd6 54. g4 Nc4 55. Bg7 Nd6
56. Kc3 Nc4 57. Kb4 Kc6 58. Bc3 Ne3 59. Ka5 Kc5 60. f4 h5
61. f5 gxf5 62. gxh5 f4 63. h6 f3 64. h7 f2 65. h8=Q Nc4+
66. Ka6 f1=Q 67. Qh5+ Kd6 68. Qxb5 Ke7 69. Qg5+ Kd7 70. Qg7+
Ke6 71. Qg4+ Ke7 72. Ka7 Qf7 73. Qg7 1-0

[Event "Bled Olympiad"]
[Site "Bled SLO"]
[Date "2002.10.29"]
[EventDate "2002.10.26"]
[Round "4"]
[Result "1/2-1/2"]
[White "Alexander Veingold"]
[Black "Mohamad Naser Al Sayed"]
[WhiteElo "2476"]
[BlackElo "2435"]
[PlyCount "160"]

1. d4 d5 2. Nf3 Nf6 3. c4 c6 4. Nc3 e6 5. Bg5 h6 6. Bxf6 Qxf6
7. e3 Nd7 8. Rc1 g6 9. Bd3 dxc4 10. Bxc4 Bg7 11. O-O O-O
12. Qc2 Qe7 13. Rfd1 Rd8 14. a3 c5 15. dxc5 Nxc5 16. b4 Rxd1+
17. Rxd1 Nd7 18. Ne4 Nb6 19. Bb3 Bd7 20. Qc7 Qe8 21. Nd6 Qb8
22. Qxb7 Qxb7 23. Nxb7 Bb2 24. Nc5 Be8 25. Nd3 Bxa3 26. Ra1
Bb5 27. Rxa3 Bxd3 28. Bxe6 Be4 29. Bb3 Rc8 30. Ra1 Bd5
31. Bxd5 Nxd5 32. b5 Nc3 33. Nd4 Rb8 34. Ra5 a6 35. Rxa6 Nxb5
36. Nc6 Rb7 37. g4 Kg7 38. Kg2 Rd7 39. Ra5 Rc7 40. Rxb5 Rxc6
41. h4 Rc1 42. f4 Re1 43. Kf2 Rh1 44. h5 Rh3 45. hxg6 Kxg6
46. Rb6+ f6 47. Rb7 h5 48. gxh5+ Rxh5 49. Kg3 Rh1 50. e4 Re1
51. f5+ Kh6 52. Re7 Rg1+ 53. Kf4 Rf1+ 54. Ke3 Re1+ 55. Kd4
Rd1+ 56. Ke3 Re1+ 57. Kf2 Rb1 58. Re8 Kg7 59. Rd8 Rb3 60. Ke2
Ra3 61. Rd7+ Kf8 62. Rd3 Ra1 63. Ke3 Ke7 64. Rb3 Re1+ 65. Kd4
Rd1+ 66. Kc4 Rc1+ 67. Rc3 Re1 68. Kd5 Kd7 69. Rc4 Ra1 70. Rb4
Rd1+ 71. Kc5 Rc1+ 72. Kd4 Rd1+ 73. Ke3 Kd6 74. Rd4+ Ke5
75. Ra4 Re1+ 76. Kf3 Rf1+ 77. Kg4 Rg1+ 78. Kh5 Rg5+ 79. Kh6
Kf4 80. Kh7 Ke5 1/2-1/2

[Event "Bled Olympiad"]
[Site "Bled SLO"]
[Date "2002.10.29"]
[EventDate "2002.10.26"]
[Round "4"]
[Result "1-0"]
[White "Vaidas Sakalauskas"]
[Black "Elvis Hernandez"]
[WhiteElo "2450"]
[BlackElo "2287"]
[PlyCount "55"]

1. d4 e6 2. c4 Nf6 3. Nc3 Bb4 4. Qc2 O-O 5. a3 Bxc3+ 6. Qxc3
b6 7. Bg5 Bb7 8. f3 h6 9. Bh4 c5 10. dxc5 bxc5 11. e3 a5
12. Bd3 d6 13. Ne2 Nbd7 14. O-O Qb6 15. Rfd1 Bc6 16. Rd2 Ba4
17. Rb1 d5 18. Bf2 Rfb8 19. cxd5 exd5 20. Bf5 Qb3 21. Qc1 Qb6
22. Nc3 Bc6 23. Bxd7 Bxd7 24. Nxd5 Nxd5 25. Rxd5 Be6 26. Rxc5
Ba2 27. Ra1 Qxb2 28. Rc8+ 1-0

[Event "Bled Olympiad"]
[Site "Bled SLO"]
[Date "2002.10.29"]
[EventDate "2002.10.26"]
[Round "4"]
[Result "1-0"]
[White "Aloyzas Kveinys"]
[Black "Jose Manuel Dominguez"]
[WhiteElo "2530"]
[BlackElo "2323"]
[PlyCount "115"]

1. e4 e5 2. Nf3 Nc6 3. Bb5 g6 4. c3 d6 5. d4 Bd7 6. O-O Bg7
7. Re1 Nge7 8. h3 O-O 9. Ba4 Qe8 10. d5 Nb8 11. Bc2 h6 12. c4
f5 13. exf5 gxf5 14. Nc3 Kh8 15. Nh4 a5 16. f4 Bf6 17. Nf3 e4
18. Nd4 Rg8 19. Be3 Na6 20. Kh1 Rg7 21. Qe2 Qf7 22. Rad1 Rag8
23. Rg1 h5 24. Qf2 Ng6 25. Rd2 Nf8 26. Nde2 Nh7 27. a3 h4
28. Nd1 b6 29. Qe1 Nc5 30. Bf2 Qh5 31. Nd4 Qh6 32. Ne2 Re8
33. Be3 Rge7 34. Qf2 Bg7 35. Bd4 Nf6 36. Ne3 Nd3 37. Bxd3 exd3
38. Rxd3 Ne4 39. Bxg7+ Rxg7 40. Qf3 Ng3+ 41. Nxg3 Rxg3 42. Qf2
Re4 43. Rf1 Qf6 44. Qd2 Qe7 45. Rf3 Rxf3 46. gxf3 Rxf4 47. Ng2
Rxc4 48. Rc3 b5 49. Rxc4 bxc4 50. Qxa5 Be8 51. Qc3+ Qg7
52. Qxc4 Qxb2 53. Qxh4+ Kg8 54. Qg5+ Qg7 55. Qd8 Kf8 56. Qh4
Qa1+ 57. Kh2 Qxa3 58. Qf6+ 1-0

[Event "Bled Olympiad"]
[Site "Bled SLO"]
[Date "2002.10.29"]
[EventDate "2002.10.26"]
[Round "4"]
[Result "0-1"]
[White "Nelson D Alvarado Sepulveda"]
[Black "Darius Zagorskis"]
[WhiteElo "2313"]
[BlackElo "2481"]
[PlyCount "70"]

1. e4 c5 2. c3 d5 3. exd5 Qxd5 4. d4 e6 5. Nf3 Nf6 6. Bd3 cxd4
7. cxd4 Nc6 8. Nc3 Qd6 9. O-O Be7 10. Bg5 O-O 11. Qd2 Nd5
12. Nxd5 Qxd5 13. Qe3 Bxg5 14. Nxg5 h6 15. Nf3 Bd7 16. Rfd1
Rad8 17. Be4 Qb5 18. Ne5 Nxe5 19. dxe5 Bc6 20. Bxc6 bxc6
21. b3 Rd5 22. Rxd5 Qxd5 23. Qxa7 Qxe5 24. Rd1 Qe2 25. Rf1 Rd8
26. h3 Qc2 27. b4 Qc4 28. Qe7 Ra8 29. a3 Qb3 30. Rc1 Qxa3
31. Rxc6 Qa1+ 32. Kh2 Qe5+ 33. g3 Qe2 34. Qc5 Ra2 35. b5 Qxf2+
0-1

[Event "Bled Olympiad"]
[Site "Bled SLO"]
[Date "2002.10.29"]
[EventDate "2002.10.26"]
[Round "4"]
[Result "1/2-1/2"]
[White "Mejdi Kaabi"]
[Black "Tomi Nyback"]
[WhiteElo "2383"]
[BlackElo "2445"]
[PlyCount "43"]

1. d4 d6 2. c4 e5 3. Nf3 e4 4. Ng5 Nf6 5. Nc3 Bf5 6. g4 Bxg4
7. Bg2 Nc6 8. Ngxe4 Nxe4 9. Nxe4 Qd7 10. h3 Bf5 11. Ng3 Be7
12. Nxf5 Qxf5 13. O-O O-O 14. e3 Bf6 15. Bd2 Ne7 16. Qg4 Rab8
17. Rac1 c5 18. Bc3 cxd4 19. Bxd4 Qxg4 20. hxg4 Bxd4 21. exd4
Nc6 22. Rcd1 1/2-1/2

[Event "Bled Olympiad"]
[Site "Bled SLO"]
[Date "2002.10.29"]
[EventDate "2002.10.26"]
[Round "4"]
[Result "1/2-1/2"]
[White "Tapani Sammalvuo"]
[Black "Nabil Doghri"]
[WhiteElo "2437"]
[BlackElo "2325"]
[PlyCount "90"]

1. e4 c5 2. Nf3 Nc6 3. d4 cxd4 4. Nxd4 e5 5. Nb5 d6 6. c4 Be7
7. N1c3 a6 8. Na3 Be6 9. b3 Bg5 10. Bb2 Nf6 11. Bd3 Nd4
12. O-O O-O 13. Nd5 Bxd5 14. cxd5 Nd7 15. Nc4 Nb6 16. f4 Nxc4
17. Bxd4 exd4 18. bxc4 Be7 19. e5 g6 20. Qe1 b5 21. cxb5 axb5
22. Bxb5 dxe5 23. Bc6 Ra3 24. fxe5 Re3 25. Qd2 Bc5 26. Rfc1
Ba7 27. Qb4 Rxe5 28. d6 Qh4 29. Kh1 Rh5 30. h3 Qg3 31. Bd7 Bb8
32. Qxd4 Bxd6 33. Qg1 f5 34. Rc2 Rb8 35. Re1 Rb4 36. Re3 Qf4
37. Rf3 Qe5 38. Re3 Re4 39. Rxe4 Qxe4 40. Rc3 Rh4 41. Re3 Qf4
42. Rf3 Qe5 43. Re3 Qf4 44. Rf3 Qe5 45. Re3 Qf4 1/2-1/2

[Event "Bled Olympiad"]
[Site "Bled SLO"]
[Date "2002.10.29"]
[EventDate "2002.10.26"]
[Round "4"]
[Result "1/2-1/2"]
[White "Zenon Franco Ocampos"]
[Black "Alberto David"]
[WhiteElo "2504"]
[BlackElo "2511"]
[PlyCount "28"]

1. c4 Nf6 2. g3 e6 3. Bg2 d5 4. Nf3 Be7 5. O-O O-O 6. b3 c5
7. e3 Nc6 8. Qe2 b6 9. Rd1 Ba6 10. Bb2 Qc7 11. Nc3 Rac8
12. Rac1 Qb8 13. d3 Rfd8 14. Rb1 Bb7 1/2-1/2

[Event "Bled Olympiad"]
[Site "Bled SLO"]
[Date "2002.10.29"]
[EventDate "2002.10.26"]
[Round "4"]
[Result "1/2-1/2"]
[White "Marc Simonet"]
[Black "Amir Mallahi"]
[WhiteElo "2304"]
[BlackElo "2406"]
[PlyCount "82"]

1. d4 d5 2. c4 e6 3. cxd5 exd5 4. Nc3 c5 5. Nf3 Nc6 6. g3 Nf6
7. Bg2 Be7 8. O-O O-O 9. Bg5 c4 10. Ne5 Be6 11. Nxc6 bxc6
12. b3 Qa5 13. Na4 Rab8 14. e3 Bf5 15. Bxf6 Bxf6 16. bxc4 dxc4
17. Nc5 Rb5 18. Qf3 Rxc5 19. dxc5 Qxc5 20. Rac1 Bb2 21. Rxc4
Qxc4 22. Qxf5 Qxa2 23. Bxc6 Rd8 24. e4 Qe6 25. Qb5 Bd4 26. Kg2
Bb6 27. Bd5 Qf6 28. Qe2 Qe7 29. Rd1 g6 30. Qb2 h6 31. Rd3 Kh7
32. Qa2 f6 33. h4 h5 34. Rc3 Rf8 35. Rc6 f5 36. f4 fxe4
37. Re6 Qd8 38. Bxe4 Rf6 39. Re5 Kg7 40. Rd5 Qe8 41. Re5 Qd8
1/2-1/2

[Event "Bled Olympiad"]
[Site "Bled SLO"]
[Date "2002.10.29"]
[EventDate "2002.10.26"]
[Round "4"]
[Result "1/2-1/2"]
[White "Ehsan Ghaem Maghami"]
[Black "Oscar de la Riva Aguado"]
[WhiteElo "2511"]
[BlackElo "2515"]
[PlyCount "39"]

1. c4 g6 2. Nc3 Bg7 3. g3 d6 4. Bg2 Nf6 5. e4 O-O 6. Nge2 c6
7. O-O Na6 8. d4 e5 9. h3 exd4 10. Nxd4 Re8 11. Bf4 Nc5
12. Re1 Ne6 13. Nxe6 Bxe6 14. Bxd6 Bxc4 15. Rc1 Nd7 16. b3 Be6
17. f4 Qa5 18. Qf3 Rad8 19. Kh2 Nb6 20. e5 1/2-1/2

[Event "Bled Olympiad"]
[Site "Bled SLO"]
[Date "2002.10.29"]
[EventDate "2002.10.26"]
[Round "4"]
[Result "0-1"]
[White "Igor Bjelobrk"]
[Black "Dionisio Aldama Degurnay"]
[WhiteElo "2285"]
[BlackElo "2443"]
[PlyCount "78"]

1. e4 c5 2. c3 e6 3. d4 d5 4. exd5 exd5 5. Nf3 Nc6 6. Be3 cxd4
7. Nxd4 Bd6 8. Nd2 Nf6 9. Be2 O-O 10. O-O Re8 11. Re1 h6
12. Nf1 Ne5 13. Qb3 a6 14. a4 Qc7 15. Rad1 Bd7 16. Ng3 Nc4
17. Bc1 h5 18. Qc2 h4 19. Nf1 h3 20. g3 Ne4 21. Bf3 Re7
22. Bh1 Rae8 23. b3 Na3 24. Bxa3 Bxa3 25. Re3 Bc5 26. b4 Ba7
27. Qb3 Rc8 28. Rdd3 Qd6 29. Re2 Bg4 30. Rc2 Nf6 31. Bf3 Bxd4
32. cxd4 Rxc2 33. Qxc2 Bf5 34. b5 Bxd3 35. Qxd3 Re1 36. Qc3
Qe6 37. b6 Rb1 38. a5 g6 39. g4 Nxg4 0-1

[Event "Bled Olympiad"]
[Site "Bled SLO"]
[Date "2002.10.29"]
[EventDate "2002.10.26"]
[Round "4"]
[Result "1-0"]
[White "Rafael Emilio Espinosa Flores"]
[Black "Robert Wayne Smith"]
[WhiteElo "2414"]
[BlackElo "2257"]
[PlyCount "85"]

1. e4 c6 2. d4 d5 3. e5 Bf5 4. Nf3 e6 5. Be2 c5 6. O-O Nc6
7. Be3 Bg4 8. dxc5 Bxf3 9. Bxf3 Nge7 10. c4 Nxe5 11. cxd5
Nxf3+ 12. Qxf3 Qxd5 13. Qe2 Qc6 14. Nc3 Nf5 15. b4 Be7
16. Rac1 a6 17. Bf4 O-O 18. Rfd1 Rfd8 19. Qe4 Rxd1+ 20. Rxd1
Qxe4 21. Nxe4 Rd8 22. Rxd8+ Bxd8 23. Kf1 f6 24. Ke2 e5 25. Be3
Bc7 26. Kd3 Kf7 27. a4 Ne7 28. Kc4 Ke6 29. b5 axb5+ 30. axb5
h6 31. Nd2 f5 32. Nb3 Bd8 33. Bd2 Kd7 34. Bc3 Ke6 35. Ba5 Kd7
36. Bc3 Ke6 37. f4 exf4 38. Bxg7 h5 39. Nd4+ Kd7 40. Bf6 Ng6
41. Bxd8 Kxd8 42. Kd5 Nh4 43. Ne6+ 1-0

[Event "Bled Olympiad"]
[Site "Bled SLO"]
[Date "2002.10.29"]
[EventDate "2002.10.26"]
[Round "4"]
[Result "1/2-1/2"]
[White "Oswaldo Zambrana"]
[Black "Vladimir Magai"]
[WhiteElo "2389"]
[BlackElo "2531"]
[PlyCount "37"]

1. e4 e5 2. Nf3 Nc6 3. Bc4 Nf6 4. d3 Be7 5. Nc3 d6 6. h3 O-O
7. O-O Na5 8. Bb3 Nxb3 9. axb3 h6 10. Be3 a6 11. d4 exd4
12. Bxd4 Be6 13. Re1 Re8 14. Qd2 Nd7 15. Rad1 Bf6 16. Qf4 Bxd4
17. Nxd4 Qf6 18. Qg3 Qg5 19. Kh2 1/2-1/2

[Event "Bled Olympiad"]
[Site "Bled SLO"]
[Date "2002.10.29"]
[EventDate "2002.10.26"]
[Round "4"]
[Result "0-1"]
[White "David Gluckman"]
[Black "Imed Abdelnabbi"]
[WhiteElo "2384"]
[BlackElo "2412"]
[PlyCount "64"]

1. e4 c5 2. Nf3 d6 3. d4 cxd4 4. Nxd4 Nf6 5. Nc3 Nc6 6. Be2 g6
7. O-O Bg7 8. Nb3 O-O 9. Re1 Be6 10. Bg5 Rc8 11. Bf1 Ne5
12. Nd5 Nxd5 13. exd5 Bd7 14. c3 Re8 15. Re4 b5 16. Nd4 Qb6
17. Qb3 Rc5 18. Rae1 h6 19. Be3 Qb7 20. f4 Ng4 21. Nc6 Nxe3
22. R4xe3 Bxc6 23. dxc6 Qb6 24. Kh1 e6 25. a4 bxa4 26. Qxa4
Rb8 27. Re4 Qxc6 28. Qa3 a5 29. Ra4 Rxb2 30. Qxb2 Qxa4
31. Qb8+ Bf8 32. h3 Qxf4 0-1

[Event "Bled Olympiad"]
[Site "Bled SLO"]
[Date "2002.10.29"]
[EventDate "2002.10.26"]
[Round "4"]
[Result "0-1"]
[White "Jure Borisek"]
[Black "Philip Corbin"]
[WhiteElo "2401"]
[BlackElo "2255"]
[PlyCount "74"]

1. e4 c5 2. Nf3 Nc6 3. d4 cxd4 4. Nxd4 g6 5. c4 Bg7 6. Be3 Nf6
7. Nc3 O-O 8. Be2 b6 9. O-O Bb7 10. f3 e6 11. Rc1 d5 12. Nxc6
Bxc6 13. cxd5 exd5 14. e5 Ne8 15. f4 Nc7 16. Bf3 Qd7 17. Qb3
Rad8 18. Rfd1 Kh8 19. Qa3 f6 20. Qxa7 Ra8 21. Qxb6 fxe5
22. fxe5 Bxe5 23. Ne2 Ra6 24. Qb4 Ne6 25. Bd4 Qg7 26. Bxe5
Qxe5 27. Rd2 Qe3+ 28. Kh1 Rxf3 29. gxf3 Qxf3+ 30. Kg1 d4
31. Qb8+ Kg7 32. Qe5+ Kh6 33. Qg3 Qe4 34. Rf1 Ra5 35. h4 Qh1+
36. Kf2 Rf5+ 37. Nf4 Qe4 0-1

[Event "Bled Olympiad"]
[Site "Bled SLO"]
[Date "2002.10.29"]
[EventDate "2002.10.26"]
[Round "4"]
[Result "1-0"]
[White "Ricardo Szmetan"]
[Black "Matej Sebenik"]
[WhiteElo "2282"]
[BlackElo "2414"]
[PlyCount "106"]

1. d4 Nf6 2. Nf3 g6 3. Nc3 d5 4. Bf4 Bg7 5. e3 O-O 6. Be2 c6
7. O-O Bf5 8. h3 Re8 9. Bxb8 Rxb8 10. Ne5 Ne4 11. Nxe4 dxe4
12. Nc4 b5 13. Nd2 e5 14. c3 exd4 15. cxd4 c5 16. Nb3 cxd4
17. Nxd4 Bd7 18. Nb3 Bxb2 19. Rb1 Bc3 20. Nc5 Bc6 21. Qb3 b4
22. Bc4 Qe7 23. Na6 Rb6 24. a3 Qf6 25. axb4 Bb7 26. Qa4 Re7
27. Nc5 Qc6 28. Qxc6 Bxc6 29. b5 Be5 30. Na4 Bb7 31. Nxb6 axb6
32. Rfd1 Bc7 33. Ra1 Kg7 34. Bd5 Bxd5 35. Rxd5 Be5 36. Ra4 Bc3
37. g4 h6 38. Rc4 Ba5 39. h4 Re6 40. Kg2 Be1 41. Rc6 Kf6
42. Rdd6 Ba5 43. Rxe6+ fxe6 44. Kg3 g5 45. h5 Ke5 46. f3 exf3
47. Kxf3 Kd5 48. Ke2 Ke5 49. Kd3 Kd5 50. Rc8 Ke5 51. Rh8 Bb4
52. Rxh6 Bf8 53. Rg6 Kd5 1-0

[Event "Bled Olympiad"]
[Site "Bled SLO"]
[Date "2002.10.29"]
[EventDate "2002.10.26"]
[Round "4"]
[Result "0-1"]
[White "Ryan Harper"]
[Black "Vasilios Kotronias"]
[WhiteElo "2248"]
[BlackElo "2561"]
[PlyCount "68"]

1. e4 c5 2. Nf3 Nc6 3. d4 cxd4 4. Nxd4 Nf6 5. Nc3 d6 6. Bc4
Qb6 7. Nb3 e6 8. Be3 Qc7 9. Be2 a6 10. a4 b6 11. O-O Be7
12. f4 O-O 13. Qe1 Nd7 14. f5 Bf6 15. g4 Nc5 16. g5 Bxc3
17. bxc3 exf5 18. exf5 Re8 19. Qg3 Ne4 20. Qf4 Nxc3 21. Bf3
Re4 22. Bxe4 Ne2+ 23. Kh1 Nxf4 24. Bxf4 Bb7 25. Rad1 Ne5
26. Bxb7 Qxb7+ 27. Kg1 Nf3+ 28. Kf2 Nh4 29. Nd4 Qg2+ 30. Ke3
Re8+ 31. Kd3 Nxf5 32. Rde1 Rc8 33. Nxf5 Qxc2+ 34. Ke3 Rc3+ 0-1

[Event "Bled Olympiad"]
[Site "Bled SLO"]
[Date "2002.10.29"]
[EventDate "2002.10.26"]
[Round "4"]
[Result "1-0"]
[White "Julio Ernesto Granda Zuniga"]
[Black "Stanley Chumfwa"]
[WhiteElo "2605"]
[BlackElo "2252"]
[PlyCount "129"]

1. d4 Nf6 2. c4 e6 3. Nc3 Bb4 4. e3 O-O 5. Nge2 d5 6. a3 Be7
7. cxd5 exd5 8. g3 Nbd7 9. Bg2 Nb6 10. O-O c6 11. b3 Re8
12. a4 a5 13. Nf4 Bd6 14. Nd3 Bf5 15. f3 Bc7 16. Re1 h5
17. Ra2 Nbd7 18. Ba3 Nf8 19. Nf2 Ng6 20. Kh1 Qd7 21. Rd2 Rad8
22. Bf1 Qc8 23. e4 dxe4 24. fxe4 Be6 25. e5 Ng4 26. Nfe4 Nh6
27. Qxh5 Bxb3 28. Nc5 Be6 29. Nxe6 Qxe6 30. Ne4 Nxe5 31. dxe5
Rxd2 32. Nxd2 Qd5+ 33. Ne4 Rxe5 34. Qf3 f5 35. Bd3 fxe4
36. Bxe4 Qf7 37. Qe2 Qh5 38. Qxh5 Rxh5 39. Rf1 c5 40. Bf3 Rf5
41. Kg2 b6 42. Bb2 Nf7 43. Rd1 Be5 44. Bc1 Bd4 45. Bf4 g5
46. Bc7 Rf6 47. Bd5 Kg7 48. Rf1 Rxf1 49. Kxf1 Bc3 50. Bxb6 Bb4
51. Ke2 Kf6 52. Bxf7 Kxf7 53. Kd3 Ke6 54. g4 Kd5 55. Bd8 c4+
56. Kc2 Ke4 57. Bxg5 Kf3 58. h3 Kg3 59. Bd2 Be7 60. g5 Kxh3
61. g6 Bf8 62. Bxa5 Kg4 63. Bb4 Bg7 64. a5 Kf5 65. a6 1-0

[Event "Bled Olympiad"]
[Site "Bled SLO"]
[Date "2002.10.29"]
[EventDate "2002.10.26"]
[Round "4"]
[Result "0-1"]
[White "Leighton Williams"]
[Black "Erald Dervishi"]
[WhiteElo "2288"]
[BlackElo "2513"]
[PlyCount "102"]

1. d4 Nf6 2. c4 e6 3. Nc3 d5 4. Bg5 Be7 5. cxd5 exd5 6. e3 O-O
7. Bd3 Nbd7 8. Qc2 Re8 9. Nge2 Nf8 10. O-O c6 11. f3 Be6
12. Rad1 Rc8 13. Kh1 N6d7 14. Bf4 b5 15. a3 a6 16. Qd2 Nb6
17. e4 Nc4 18. Qc1 Qb6 19. Bc2 Red8 20. e5 c5 21. Bg3 cxd4
22. Nxd4 Bc5 23. Nce2 Ng6 24. h3 Ncxe5 25. Bxe5 Nxe5 26. f4
Bxd4 27. Nxd4 Nc6 28. Nxe6 fxe6 29. Qb1 h6 30. Bh7+ Kh8
31. Rde1 Ne7 32. Bd3 Rf8 33. Qd1 Rf6 34. f5 Nxf5 35. Bxf5 Rxf5
36. Rxf5 exf5 37. Qxd5 Qf2 38. Rd1 Re8 39. b3 Kh7 40. a4 b4
41. a5 Re2 42. Rg1 Re3 43. Qc4 Re1 44. Rxe1 Qxe1+ 45. Kh2 Qe5+
46. g3 Qxa5 47. h4 Qb6 48. Qf4 Qc5 49. h5 Qc2+ 50. Kh3 Qe4
51. Qf1 a5 0-1

[Event "Bled Olympiad"]
[Site "Bled SLO"]
[Date "2002.10.29"]
[EventDate "2002.10.26"]
[Round "4"]
[Result "0-1"]
[White "Duncan Vella"]
[Black "Darcy Gustavo Machado Vieira Lima"]
[WhiteElo "2200"]
[BlackElo "2533"]
[PlyCount "69"]

1. e4 e5 2. Nf3 Nc6 3. Bb5 Nf6 4. O-O Bc5 5. Nxe5 Nxe5 6. d4
a6 7. Ba4 Nxe4 8. Qe2 Be7 9. Qxe4 Ng6 10. c3 O-O 11. Nd2 d5
12. Qd3 Nf4 13. Qf3 Bd6 14. Re1 Qf6 15. Bc2 Bd7 16. g3 Rae8
17. Rxe8 Rxe8 18. gxf4 Bxf4 19. Ne4 Bxh2+ 20. Kg2 Qxf3+
21. Kxf3 dxe4+ 22. Bxe4 Bg4+ 23. Kxg4 Rxe4+ 24. Kh3 Bd6
25. Be3 f5 26. Kg2 Kf7 27. b3 g5 28. Kf3 g4+ 29. Ke2 f4
30. Kd3 Re8 31. Bd2 h5 32. c4 c6 33. d5 cxd5 34. cxd5 h4
35. Kd4 0-1

[Event "Bled Olympiad"]
[Site "Bled SLO"]
[Date "2002.10.29"]
[EventDate "2002.10.26"]
[Round "4"]
[Result "1-0"]
[White "Henrique Mecking"]
[Black "Colin Pace"]
[WhiteElo "2548"]
[BlackElo "2171"]
[PlyCount "59"]

1. d4 Nf6 2. c4 g6 3. Nc3 Bg7 4. e4 d6 5. f3 O-O 6. Nge2 c5
7. d5 e6 8. Ng3 exd5 9. cxd5 Nbd7 10. Be2 a6 11. a4 Rb8
12. O-O h5 13. Be3 Nh7 14. Qd2 Qe8 15. Rfe1 h4 16. Nh1 f5
17. Nf2 Be5 18. Nd3 Bxc3 19. bxc3 fxe4 20. fxe4 Qxe4 21. Nf2
Qe8 22. Bh6 Rf5 23. Bg4 Re5 24. Be6+ Kh8 25. Ng4 Rxe1+
26. Rxe1 Ndf6 27. Bg7+ Kxg7 28. Qh6+ Kh8 29. Nxf6 Qe7 30. Nxh7
1-0

[Event "Bled Olympiad"]
[Site "Bled SLO"]
[Date "2002.10.29"]
[EventDate "2002.10.26"]
[Round "4"]
[Result "1-0"]
[White "Jamshed Isaev"]
[Black "Rafic Barakat"]
[WhiteElo "2440"]
[BlackElo "2054"]
[PlyCount "56"]

1. e4 c5 2. Nf3 Nc6 3. d4 cxd4 4. Nxd4 Nf6 5. Nc3 e6 6. Ndb5
d6 7. Bf4 e5 8. Bg5 a6 9. Na3 b5 10. Bxf6 gxf6 11. Nd5 f5
12. Bxb5 axb5 13. Nxb5 Qa5+ 14. c3 Kd8 15. a4 fxe4 16. b4 Qa6
17. Ndc7 Qb7 18. Nxa8 Qxa8 19. Nxd6 Bxd6 20. Qxd6+ Ke8 21. Qd5
Be6 22. Qxe4 Qc8 23. O-O f5 24. Qe2 e4 25. a5 Ne7 26. a6 Bc4
27. Qh5+ Ng6 28. a7 Bxf1 1-0

[Event "Bled Olympiad"]
[Site "Bled SLO"]
[Date "2002.10.29"]
[EventDate "2002.10.26"]
[Round "4"]
[Result "1/2-1/2"]
[White "Primoz Soln"]
[Black "Piotr Dukaczewski"]
[WhiteElo "2405"]
[BlackElo "2342"]
[PlyCount "80"]

1. d4 d5 2. c4 dxc4 3. Nc3 Nf6 4. Nf3 a6 5. e4 b5 6. e5 Nd5
7. a4 Nxc3 8. bxc3 Qd5 9. g3 Bb7 10. Bg2 Qd7 11. Ba3 e6
12. Bxf8 Kxf8 13. O-O g6 14. Nh4 Bxg2 15. Nxg2 c6 16. f4 Kg7
17. g4 c5 18. f5 cxd4 19. f6+ Kg8 20. cxd4 b4 21. Qc1 h5
22. Qxc4 Nc6 23. Rf4 Rb8 24. Rb1 a5 25. Ne3 hxg4 26. Rxg4 Rh3
27. Rb3 Rc8 28. Qf1 Rh5 29. Qf4 Rd8 30. Qe4 Nxd4 31. Rxg6+ Kh8
32. Rg7 Qc6 33. Qg4 Qf3 34. Rb2 Qxe3+ 35. Rf2 Qe1+ 36. Rf1
Qxe5 37. Rf2 Rc8 38. h4 Rc1+ 39. Kg2 Qd5+ 40. Rf3 Qxf3+
1/2-1/2

[Event "Bled Olympiad"]
[Site "Bled SLO"]
[Date "2002.10.29"]
[EventDate "2002.10.26"]
[Round "4"]
[Result "1/2-1/2"]
[White "Kai Bjerring"]
[Black "Matjaz Mikac"]
[WhiteElo "2265"]
[BlackElo "2401"]
[PlyCount "34"]

1. e4 e5 2. Nf3 Nc6 3. Bb5 a6 4. Ba4 Nf6 5. O-O Be7 6. Re1 b5
7. Bb3 d6 8. c3 O-O 9. h3 Na5 10. Bc2 c5 11. d4 Bb7 12. Nbd2
cxd4 13. cxd4 exd4 14. Nxd4 g6 15. b4 Nc6 16. Nxc6 Bxc6
17. Bb2 Nd7 1/2-1/2

[Event "Olympiad"]
[Site "Bled SLO"]
[Date "2002.10.29"]
[EventDate "2002.10.26"]
[Round "4"]
[Result "0-1"]
[White "Vicens Santamaria Mas"]
[Black "Shojaat Ghane"]
[WhiteElo "2153"]
[BlackElo "2406"]
[PlyCount "68"]

1. e4 e6 2. d3 d5 3. Nd2 c5 4. Ngf3 Nc6 5. g3 Nf6 6. Bg2 Be7
7. O-O Qc7 8. Re1 b6 9. c3 Ba6 10. exd5 Nxd5 11. Nb3 Rd8
12. d4 O-O 13. a3 Bf6 14. Be3 e5 15. Qc1 Nxe3 16. fxe3 e4
17. Nfd2 c4 18. Nxe4 cxb3 19. Nxf6+ gxf6 20. Qd1 Ne7 21. Qxb3
Ng6 22. Qc2 Kg7 23. Rad1 h5 24. Qf5 h4 25. g4 h3 26. Bf1 Bc8
27. Qf3 Bb7 28. Qg3 Qxg3+ 29. hxg3 h2+ 30. Kxh2 Rh8+ 31. Kg1
Rh1+ 32. Kf2 Rh2+ 33. Kg1 Rxb2 34. c4 Be4 0-1